Law and Policy in International Business <the> international Law Journal of Georgetown University Law Center

Saved in:
Bibliographic Details
Format: Serial
Language:English
Published: Washington Georgetown University Law Center 1994/1995
Subjects:
Tags: Add Tag
No Tags, Be the first to tag this record!

MARC

LEADER 00000nas2a2200000 4500
001 s102371
005 20221221070950.2
022 |a 0023-9208 
041 0 |a eng 
044 |a US 
245 1 0 |a Law and Policy in International Business  |b <the> international Law Journal of Georgetown University Law Center 
264 1 |a Washington  |b Georgetown University Law Center  |c 1994/1995 
300 |a 2 zv. 
773 0 |w eu_un_cat*s120163 
610 2 0 |a právo 
610 2 0 |a právo obchodné 
610 2 0 |a politika 
610 2 0 |a obchod medzinárodný